Apprendre Espagnol la Famille - Statistiques

Statistiques générales
  • Ce quiz a été pris 68 fois
  • Le résultat moyen est 10 sur 19
Statistiques - réponses
Français Espagnol % Correct
Famille Familia
100%
Enfant Niño
80%
Père Padre
80%
Sœur Hermana
76%
Frère Hermano
76%
Bébé Bebé
70%
Grande-mère Abuela
68%
Grand-père Abuelo
68%
Parents Padres
64%
Grands-parents Abuelos
56%
Adulte Adulto
54%
Oncle Tío
54%
Tante Tía
52%
Cousin Primo
36%
Mère Madres
30%
Adolescent Adolescente
26%
Arrière-grande-mère Bisabuela
10%
Arrière-grands-parents Bisabuelos
10%
Arrière-grand-père Tatarabuelo
0%
Aucun quiz correspondant
Distribution des résultats
% des personnes avec chaque résultat
Percentile par nombre de réponses
Votre historique - résultats
Vous n’avez pas pris ce quiz